Physiological ecology of forest production

Bibliographic Details
Main Author: LANDSBERG
Format: Book
Published: London ; Orlando : Academic Press , 1986
Series:Applied botany and crop science
Subjects:

MARC

LEADER 00000cam a2200000 7i4500
001 0000002347
005 20030529.0
020 0 0 |a 0124359655 
090 0 0 |a 581.52642   |b LAN 1986 
100 1 0 |a LANDSBERG   |h J. J. 
245 1 0 |a Physiological ecology of forest production   |c J.J. Landsberg 
260 0 0 |a London ; Orlando :   |b Academic Press ,   |c 1986 
300 |a xvii, 198 p. :   |b ill. ;   |c 24 cm. 
440 0 0 |a Applied botany and crop science 
500 0 0 |a Includes bibliographical references (p. [179]-191) and index 
650 0 0 |a Forest ecology 
650 0 0 |a Trees   |x Ecophysiology 
998 |a JPSM 
999 |a 0000004115   |b Monograph   |c Open Shelf   |e Default branch